000 00961nam a2200205Ia 4500
008 151119s9999||||xx |||||||||||||| ||und||
082 _a922.945बेलस/चरित्र
082 _bGKKV33439
100 _a"बेलसरे, के वि"
245 _aश्रीसमर्थ - रामदास स्वामी चरित्र व तत्त्वज्ञान
260 _aसातारा
260 _bश्री स भ मारुतीबुवा रामदासी
260 _c2003
300 _a172p.
600 _a"बेलसरे, के वि"
630 _aश्रीसमर्थ - रामदास स्वामी चरित्र व तत्त्वज्ञान
700 _a"बेलसरे, के वि"
730 _aश्रीसमर्थ - रामदास स्वामी चरित्र व तत्त्वज्ञान
942 _cBOOK
999 _c1085735
_d1085732